000 01693nam a2200457 i 4500
001 10347
003 KOSZ 005
005 20220112083140.0
008 970510s1994 pl a f f |000 0 pol
015 _aPB 1994/8102
020 _a8320417309
035 _a(OCoLC)751283285
040 _aWA N
_cWA N
_dKOSZ 005/HR
046 _k1993
080 _a007.5:681.5
080 _a519.7
080 _a(075.8)
245 0 0 _aPodstawy robotyki :
_bteoria i elementy manipulatorów i robotów : praca zbiorowa /
_cpod red. Adama Moreckiego i Józefa Knapczyka ; [aut. A. Morecki et al.].
250 _aWyd. 2 popr. i rozsz.
260 _aWarszawa :
_bWydawnictwa Naukowo-Techniczne,
_c1994.
300 _a666 s. :
_bfot., rys., wykr. ;
_c24 cm.
336 _2rdacontent
_aTekst
_btxt
337 _2rdamedia
_aBez urządzenia pośredniczącego
_bn
338 _2rdacarrier
_aWolumin
_bnc
380 _aKsiążki
380 _aPublikacje naukowe
380 _aPublikacje dydaktyczne
385 _mPoziom nauczania
_aSzkoły wyższe
388 _a1901-2000
388 _a1989-2000
504 _aBibliogr. przy rozdz.
521 _aDla studentów kierunku "automatyka i robotyka" politechnik, doktorantów oraz inżynierów i pracowników nauki.
650 4 _aRoboty i manipulatory
655 4 _aPodręczniki akademickie
658 _aInżynieria i technika
700 1 _aMorecki, Adam
_d(1929-2001).
_eRedakcja
_eAutor
700 1 _aKnapczyk, Józef
_eRedakcja
710 2 _aWydawnictwa Naukowo-Techniczne
_4pbl.
856 _uhttp://koha.tu.koszalin.pl/cgi-bin/koha/opac-detail.pl?biblionumber=10347
_yKatalog online BPK
942 _2UKD
_cKS
999 _c10347
_d10347